FLUKE : Chance, chaos,and why everything we do matters (Record no. 41943)
[ view plain ]
| 000 -LEADER | |
|---|---|
| fixed length control field | 00333nam a2200121Ia 4500 |
| 008 - FIXED-LENGTH DATA ELEMENTS--GENERAL INFORMATION | |
| fixed length control field | 241015s9999 xx 000 0 und d |
| 041 ## - LANGUAGE CODE | |
| Language code of text/sound track or separate title | eng |
| 082 ## - DEWEY DECIMAL CLASSIFICATION NUMBER | |
| Classification number | 123.3 KLA |
| 100 ## - MAIN ENTRY--PERSONAL NAME | |
| Personal name | Klaas Briian |
| 245 ## - TITLE STATEMENT | |
| Title | FLUKE : Chance, chaos,and why everything we do matters |
| 260 ## - PUBLICATION, DISTRIBUTION, ETC. | |
| Name of publisher, distributor, etc. | John Murray press |
| Place of publication, distribution, etc. | London |
| Date of publication, distribution, etc. | 2024 |
| 300 ## - PHYSICAL DESCRIPTION | |
| Extent | 316;. P. 23 cm |
No items available.